000 00990pam a2200289 a 4500
001 841
005 20231204142149.0
020 _a0060234881 :
_c$15.00 ($20.00 Can.)
020 _a006023489X (lib. bdg.)
040 _aDLC
_cDLC
_dDLC
_beng
050 0 0 _aPZ7.L58474
_bHo 1994
082 0 0 _a[Fic]
_220
100 1 _aLewis, C. S.
_q(Clive Staples),
_d1898-1963.
245 1 4 _aThe horse and his boy /
_cC.S. Lewis ; illustrated by Pauline Baynes.
250 _a1st HarperCollins ed.
260 _aNew York :
_bHarperCollins,
_c1994.
300 _a224 pages. :
_billustrations. map ;
_c20 cm.
490 1 _aThe Chronicles of Narnia ;
_vbk. 3
505 _aZ3
520 _aA boy and a talking horse share an adventurous and dangerous journey to Narnia to warn of invading barbarians.
521 _a970
_bLexile
521 _aZ3
_bRaz-Plus
650 1 _aFantasy.
700 1 _aBaynes, Pauline,
_eill.
906 _a7
_bcbc
_corignew
_d1
_eocip
_f19
_gy-gencatlg
942 _2ddc
_cBK
_n0
999 _c841
_d841